000 00343 a2200157 4500
001 193069
020 _a978-85-64823-74-7
040 _cMagnum
100 _aRoba, Verron
240 1 0 _aBoule & bill: que circo!
_lpor
245 1 0 _aBoule & bill: que circo!
300 _a46
362 0 _a2013
697 _aLITERATURA INFANTO
942 _cBK
999 _c193069
_d193069